000 00255nam a22001097a 4500
041 _aeng
080 _a80
100 _aЗубков М.
245 _aВеликий англо-український словник.
650 _aReference
999 _c282429
_d282429
942 _cBK